[Event "SVK-ch rapid"]
[Site "Poprad"]
[Date "2025.05.03"]
[Round "6"]
[White "Doci, Stefan"]
[Black "Chlpik, Martin"]
[Result "0-1"]
[WhiteElo "2028"]
[BlackElo "2175"]
[PlyCount "75"]
[EventDate "2025.05.03"]
[EventType "swiss (rapid)"]
[EventRounds "7"]
[EventCountry "SVK"]
[SourceTitle "CB19_2025"]
[SourceDate "2025.05.07"]
[SourceVersion "1"]
[SourceVersionDate "2025.05.07"]
[SourceQuality "1"]

1. e4 c5 2. Nf3 d6 3. d4 cxd4 4. Nxd4 Nf6 5. Nc3 a6 6. a4 e5 7. Nb3 Be6 8. Be3 Be7 9. a5 0-0 10. Be2 Nc6 11. Bb6 Qd7 12. 0-0 Bd8 13. Na4 Nxe4 14. Bd3 Nf6 15. Qe2 Nd5 16. Qh5 g6 17. Qh6 Nf4 18. Be4 f5 19. Bf3 g5 20. Bxd8 Qxd8 21. g3 Kh8 22. gxf4 Rf6 23. Qh5 Bf7 24. Qh3 g4 25. Qh4 gxf3 26. Kh1 Rg6 27. Qh3 Qf6 28. Qxf3 Nb4 29. Nb6 Rag8 30. Rg1 Nxc2 31. Rac1 Rxg1+ 32. Rxg1 Rxg1+ 33. Kxg1 Qg7+ 34. Kf1 e4 35. Qh3 Qxb2 36. Qxf5 Bxb3 37. Qf8+ Bg8 38. Nd7 0-1

[Event "SVK-ch rapid"]
[Site "Poprad"]
[Date "2025.05.03"]
[Round "4"]
[White "Hrnciar, Roman"]
[Black "Chlpik, Martin"]
[Result "0-1"]
[WhiteElo "1975"]
[BlackElo "2175"]
[PlyCount "58"]
[EventDate "2025.05.03"]
[EventType "swiss (rapid)"]
[EventRounds "7"]
[EventCountry "SVK"]
[SourceTitle "CB19_2025"]
[SourceDate "2025.05.07"]
[SourceVersion "1"]
[SourceVersionDate "2025.05.07"]
[SourceQuality "1"]

1. f4 Nf6 2. Nf3 g6 3. b3 Bg7 4. Bb2 0-0 5. e3 d6 6. Be2 Nc6 7. 0-0 e5 8. fxe5 Ng4 9. h3 Ngxe5 10. Nxe5 Nxe5 11. d4 Nd7 12. e4 c5 13. c3 Qh4 14. Nd2 cxd4 15. cxd4 Nc5 16. e5 Ne6 17. Nf3 Qg3 18. Qe1 Nf4 19. Qxg3 Nxe2+ 20. Kf2 Nxg3 21. Kxg3 dxe5 22. dxe5 Be6 23. Ba3 Rfd8 24. Bd6 h6 25. Rac1 Rdc8 26. Nd4 Rxc1 27. Rxc1 Bxe5+ 28. Kf3 Bd7 29. Ke4 f6 0-1

[Event "Titled Tuesday intern op 03rd Sep Early"]
[Site "Chess.com INT"]
[Date "2024.09.03"]
[Round "6"]
[White "Chernov, Alexander A"]
[Black "Chlpik, Martin"]
[Result "0-1"]
[WhiteElo "2314"]
[BlackElo "2289"]
[PlyCount "62"]
[EventDate "2024.09.03"]
[EventType "swiss (blitz)"]
[EventRounds "11"]
[EventCountry "USA"]
[SourceTitle "EXT 2025"]
[Source "ChessBase"]
[SourceDate "2024.10.14"]
[SourceVersion "1"]
[SourceVersionDate "2024.10.14"]
[SourceQuality "1"]

1. d4 Nf6 2. Nf3 c5 3. e3 g6 4. Bd3 Bg7 5. 0-0 0-0 6. Nbd2 cxd4 7. exd4 b6 8. c3 Bb7 9. Re1 d6 10. a4 a6 11. Nc4 Nbd7 12. h3 b5 13. Ncd2 e6 14. axb5 axb5 15. Rxa8 Qxa8 16. Bxb5 e5 17. dxe5 dxe5 18. Bf1 e4 19. Ng5 Nc5 20. Qc2 h6 21. b4 Nd3 22. Bxd3 exd3 23. Qxd3 hxg5 24. Qg3 Bh6 25. Nc4 Nh5 26. Qh2 Re8 27. Be3 Nf4 28. Nd6 Bxg2 29. Qg3 Re6 30. Rd1 Rxd6 31. Bd4 Ne2+ 0-1

[Event "Titled Tuesday intern op 03rd Sep Early"]
[Site "Chess.com INT"]
[Date "2024.09.03"]
[Round "1"]
[White "Chlpik, Martin"]
[Black "Pourramezanali, Amirreza"]
[Result "0-1"]
[WhiteElo "2289"]
[BlackElo "2519"]
[PlyCount "42"]
[EventDate "2024.09.03"]
[EventType "swiss (blitz)"]
[EventRounds "11"]
[EventCountry "USA"]
[SourceTitle "EXT 2025"]
[Source "ChessBase"]
[SourceDate "2024.10.14"]
[SourceVersion "1"]
[SourceVersionDate "2024.10.14"]
[SourceQuality "1"]

1. d4 d5 2. Nc3 Nf6 3. Bf4 e6 4. e3 Bd6 5. Qf3 0-0 6. g4 Nbd7 7. g5 Ne8 8. h4 c6 9. 0-0-0 Qc7 10. Nh3 e5 11. dxe5 Nxe5 12. Qg3 b6 13. h5 Bb7 14. h6 g6 15. Rxd5 cxd5 16. Nb5 Qe7 17. Nxd6 Nxd6 18. Bxe5 Nf5 19. Qf4 Rfe8 20. Bc3 d4 21. e4 Qxe4 0-1

[Event "Titled Tuesday intern op 03rd Sep Early"]
[Site "Chess.com INT"]
[Date "2024.09.03"]
[Round "4"]
[White "Mikhailovsky, Vladimir"]
[Black "Chlpik, Martin"]
[Result "1-0"]
[WhiteElo "2215"]
[BlackElo "2289"]
[PlyCount "75"]
[EventDate "2024.09.03"]
[EventType "swiss (blitz)"]
[EventRounds "11"]
[EventCountry "USA"]
[SourceTitle "EXT 2025"]
[Source "ChessBase"]
[SourceDate "2024.10.14"]
[SourceVersion "1"]
[SourceVersionDate "2024.10.14"]
[SourceQuality "1"]

1. e4 c5 2. Nf3 d6 3. d4 cxd4 4. Nxd4 Nf6 5. Nc3 a6 6. Be3 e5 7. Nf3 Qc7 8. a4 b6 9. Be2 Bb7 10. Nd5 Nxd5 11. exd5 Be7 12. 0-0 Nd7 13. c4 a5 14. Nd2 0-0 15. Ne4 h6 16. Nc3 Ba6 17. Rc1 g5 18. Nb5 Qd8 19. g4 f5 20. gxf5 Nf6 21. Kh1 Bc8 22. Bd3 e4 23. Be2 Bxf5 24. Nd4 Qd7 25. Rg1 Bh3 26. Rg3 Rf7 27. b3 Rh7 28. Qg1 Kh8 29. f3 exf3 30. Bxf3 g4 31. Be2 Ne4 32. Rxh3 gxh3 33. Qg6 Nc5 34. Nf5 Rf8 35. Bd4+ Bf6 36. Bxf6+ Rxf6 37. Qxf6+ Kg8 38. Rg1+ 1-0

[Event "Titled Tuesday intern op 20th Aug Early"]
[Site "Chess.com INT"]
[Date "2024.08.20"]
[Round "6"]
[White "Chlpik, Martin"]
[Black "Sanhueza, Cristian"]
[Result "1-0"]
[WhiteElo "2289"]
[BlackElo "2212"]
[PlyCount "63"]
[EventDate "2024.08.20"]
[EventType "swiss (blitz)"]
[EventRounds "11"]
[EventCountry "USA"]
[SourceTitle "EXT 2025"]
[Source "ChessBase"]
[SourceDate "2024.10.14"]
[SourceVersion "1"]
[SourceVersionDate "2024.10.14"]
[SourceQuality "1"]

1. d4 Nf6 2. Nc3 g6 3. Bf4 Bg7 4. e4 d6 5. Qd2 c6 6. 0-0-0 b5 7. f3 b4 8. Na4 Qa5 9. b3 Nbd7 10. a3 c5 11. dxc5 dxc5 12. g4 0-0 13. e5 Nb6 14. exf6 Bxf6 15. Bc7 Be6 16. Qe2 bxa3 17. Kb1 Nxa4 18. Bxa5 Rab8 19. Ka2 Bc3 20. Qa6 Bb4 21. Bxb4 Rxb4 22. Ne2 c4 23. Kxa3 Rfb8 24. bxa4 c3 25. Nxc3 R8b6 26. Qxa7 Kg7 27. Bb5 Rf4 28. Qxb6 Rxf3 29. Qd4+ f6 30. Rhf1 Bxg4 31. Rxf3 e5 32. Qd7+ 1-0

[Event "Titled Tuesday intern op 20th Aug Early"]
[Site "Chess.com INT"]
[Date "2024.08.20"]
[Round "2"]
[White "Grave, Jacob Templen"]
[Black "Chlpik, Martin"]
[Result "1-0"]
[WhiteElo "2287"]
[BlackElo "2289"]
[PlyCount "45"]
[EventDate "2024.08.20"]
[EventType "swiss (blitz)"]
[EventRounds "11"]
[EventCountry "USA"]
[SourceTitle "EXT 2025"]
[Source "ChessBase"]
[SourceDate "2024.10.14"]
[SourceVersion "1"]
[SourceVersionDate "2024.10.14"]
[SourceQuality "1"]

1. e4 c5 2. Nf3 d6 3. d4 cxd4 4. Qxd4 Nc6 5. Bb5 Bd7 6. Bxc6 Bxc6 7. Nc3 Nf6 8. Bg5 e6 9. 0-0-0 Be7 10. Qd3 0-0 11. Nd4 Qa5 12. f4 Rfc8 13. Kb1 Be8 14. f5 Bd7 15. Rhf1 b5 16. fxe6 fxe6 17. e5 dxe5 18. Nb3 Rxc3 19. bxc3 e4 20. Qd4 Qa3 21. Bxf6 Bxf6 22. Rxf6 gxf6 23. Qxd7 1-0

[Event "Titled Tuesday intern op 20th Aug Early"]
[Site "Chess.com INT"]
[Date "2024.08.20"]
[Round "4"]
[White "Napoli, Nicolo"]
[Black "Chlpik, Martin"]
[Result "0-1"]
[WhiteElo "2228"]
[BlackElo "2289"]
[PlyCount "102"]
[EventDate "2024.08.20"]
[EventType "swiss (blitz)"]
[EventRounds "11"]
[EventCountry "USA"]
[SourceTitle "EXT 2025"]
[Source "ChessBase"]
[SourceDate "2024.10.14"]
[SourceVersion "1"]
[SourceVersionDate "2024.10.14"]
[SourceQuality "1"]

1. e4 c5 2. c3 d6 3. d4 Nf6 4. Bd3 g6 5. f3 d5 6. e5 Nfd7 7. f4 cxd4 8. cxd4 Nb6 9. Nf3 Nc6 10. 0-0 Bg7 11. Nc3 0-0 12. Kh1 f6 13. Be3 fxe5 14. Nxe5 Nxe5 15. fxe5 Be6 16. Qb3 Qd7 17. a4 Rxf1+ 18. Rxf1 Rf8 19. Rxf8+ Bxf8 20. a5 Nc4 21. Bxc4 dxc4 22. Qa4 Qxa4 23. Nxa4 Bd5 24. Kg1 e6 25. Bd2 Be7 26. Kf2 Bd8 27. g3 Kf7 28. h4 Ke8 29. Ke3 Kd7 30. Bb4 Kc6 31. Nc3 g5 32. h5 g4 33. Nxd5 Kxd5 34. Kf4 Kxd4 35. Bc3+ Kd3 36. Kxg4 Ke4 37. Kh3 Bc7 38. g4 Bxe5 39. Bxe5 Kxe5 40. Kg3 b5 41. axb6 axb6 42. Kf3 b5 43. Ke3 b4 44. g5 Kf5 45. g6 hxg6 46. h6 Kf6 47. Kd4 c3 48. bxc3 bxc3 49. Kxc3 g5 50. Kd4 Kg6 51. Ke5 Kxh6 0-1

[Event "Titled Tuesday intern op 20th Aug Early"]
[Site "Chess.com INT"]
[Date "2024.08.20"]
[Round "5"]
[White "Tang, Zoey"]
[Black "Chlpik, Martin"]
[Result "0-1"]
[WhiteElo "2212"]
[BlackElo "2289"]
[PlyCount "44"]
[EventDate "2024.08.20"]
[EventType "swiss (blitz)"]
[EventRounds "11"]
[EventCountry "USA"]
[SourceTitle "EXT 2025"]
[Source "ChessBase"]
[SourceDate "2024.10.14"]
[SourceVersion "1"]
[SourceVersionDate "2024.10.14"]
[SourceQuality "1"]

1. d4 Nf6 2. c4 g6 3. Nc3 d5 4. cxd5 Nxd5 5. Bd2 Bg7 6. e4 Nb6 7. d5 0-0 8. h4 h5 9. Nf3 c6 10. dxc6 Nxc6 11. Be2 Bg4 12. 0-0 Bxf3 13. Bxf3 Nc4 14. Bg5 Nxb2 15. Qb3 Nd3 16. Rad1 Nd4 17. Qa3 Ne5 18. Bxe7 Qc8 19. Nd5 Ndxf3+ 20. gxf3 Qh3 21. Rd3 Nxd3 22. Qxd3 Be5 0-1

[Event "Titled Tuesday intern op 23rd Jul Early"]
[Site "Chess.com INT"]
[Date "2024.07.23"]
[Round "6"]
[White "Petukhov, Dmitry"]
[Black "Chlpik, Martin"]
[Result "1-0"]
[WhiteElo "2350"]
[BlackElo "2289"]
[PlyCount "133"]
[EventDate "2024.07.23"]
[EventType "swiss (blitz)"]
[EventRounds "11"]
[EventCountry "USA"]
[SourceTitle "EXT 2025"]
[Source "ChessBase"]
[SourceDate "2024.10.14"]
[SourceVersion "1"]
[SourceVersionDate "2024.10.14"]
[SourceQuality "1"]

1. e4 c5 2. c3 d6 3. d4 Nf6 4. dxc5 Nc6 5. Bc4 Nxe4 6. Bxf7+ Kxf7 7. Qh5+ g6 8. Qd5+ e6 9. Qxe4 d5 10. Qe3 d4 11. cxd4 Qxd4 12. Nf3 Qxe3+ 13. Bxe3 Nb4 14. Na3 Nd3+ 15. Ke2 Nxc5 16. Ng5+ Ke8 17. Nb5 Na6 18. Rac1 Bd7 19. Nc7+ Nxc7 20. Rxc7 Bb5+ 21. Kd1 Bd6 22. Nxe6 Bd7 23. Ng7+ Kd8 24. Rxb7 Be5 25. Ke2 Kc8 26. Rb4 Bxg7 27. Rc1+ Kd8 28. Bg5+ Ke8 29. Re4+ Kf7 30. Rc7 Rhd8 31. Bxd8 Rxd8 32. Rxa7 Bxb2 33. a4 Kf8 34. a5 Bb5+ 35. Ke3 Bc1+ 36. Kf3 Bc6 37. Rxh7 Bxe4+ 38. Kxe4 Kg8 39. Rc7 Ra8 40. Rxc1 Rxa5 41. Rc2 Kg7 42. Kf3 Kf6 43. h4 Ra3+ 44. Kg4 Ra4+ 45. Kh3 Rf4 46. g3 Ra4 47. Rc3 Kg7 48. g4 Kh6 49. f3 Ra1 50. Rc7 g5 51. Rc6+ Kg7 52. hxg5 Rh1+ 53. Kg2 Ra1 54. Kg3 Ra2 55. f4 Ra3+ 56. Kf2 Ra2+ 57. Ke3 Ra3+ 58. Ke4 Ra4+ 59. Ke5 Ra5+ 60. Ke6 Ra4 61. f5 Rxg4 62. Rc7+ Kg8 63. g6 Re4+ 64. Kf6 Re8 65. Kg5 Ra8 66. Kh6 Rb8 67. f6 1-0

[Event "Titled Tuesday intern op 23rd Jul Early"]
[Site "Chess.com INT"]
[Date "2024.07.23"]
[Round "9"]
[White "Storey, Charles"]
[Black "Chlpik, Martin"]
[Result "0-1"]
[WhiteElo "2159"]
[BlackElo "2289"]
[PlyCount "102"]
[EventDate "2024.07.23"]
[EventType "swiss (blitz)"]
[EventRounds "11"]
[EventCountry "USA"]
[SourceTitle "EXT 2025"]
[Source "ChessBase"]
[SourceDate "2024.10.14"]
[SourceVersion "1"]
[SourceVersionDate "2024.10.14"]
[SourceQuality "1"]

1. e4 c5 2. Nf3 Nc6 3. Bb5 g6 4. Bxc6 bxc6 5. d3 Bg7 6. Nc3 Nh6 7. Be3 d6 8. h3 f5 9. Qd2 Nf7 10. h4 e5 11. Qe2 f4 12. Bd2 Bg4 13. 0-0-0 Rb8 14. Kb1 Qb6 15. Bc1 Nd8 16. Rdg1 Ne6 17. Qf1 Nd4 18. Nxd4 cxd4 19. Nd1 a5 20. f3 Be6 21. g3 fxg3 22. Rxg3 c5 23. h5 Bf7 24. Qg2 c4 25. hxg6 hxg6 26. Rxh8+ Bxh8 27. Rxg6 Bxg6 28. Qxg6+ Kd7 29. Qf7+ Kc6 30. Qxc4+ Qc5 31. Qa6+ Kc7 32. Bd2 Bf6 33. Bxa5+ Kd7 34. Bd2 Qc6 35. Qa7+ Rb7 36. Qa3 Be7 37. Qa5 Rb5 38. Qa7+ Rb7 39. Qa5 Bd8 40. Qa3 Bb6 41. b4 Bc5 42. Qb3 Ke7 43. a3 Bb6 44. Nb2 Bd8 45. Qg8 Kd7 46. Nc4 Kc8 47. f4 exf4 48. Bxf4 Rd7 49. Qe6 Kb7 50. Nxd6+ Ka8 51. Nc4 Qxe6 0-1

[Event "Titled Tuesday intern op 02nd Jul Late"]
[Site "Chess.com INT"]
[Date "2024.07.02"]
[Round "3"]
[White "Chlpik, Martin"]
[Black "Jegorovas, Aleksandras"]
[Result "0-1"]
[WhiteElo "2289"]
[BlackElo "2270"]
[PlyCount "66"]
[EventDate "2024.07.02"]
[EventType "swiss (blitz)"]
[EventRounds "11"]
[EventCountry "USA"]
[SourceTitle "EXT 2025"]
[Source "ChessBase"]
[SourceDate "2024.10.14"]
[SourceVersion "1"]
[SourceVersionDate "2024.10.14"]
[SourceQuality "1"]

1. f3 e5 2. Nh3 d5 3. Nf2 Nc6 4. e3 f5 5. Nc3 Nf6 6. Ne2 d4 7. e4 fxe4 8. fxe4 Ng4 9. Nd3 Nb4 10. h3 Nxd3+ 11. cxd3 Nf6 12. Ng1 Bd6 13. Nf3 0-0 14. Be2 Nh5 15. 0-0 Ng3 16. Rf2 Qf6 17. a4 Qg6 18. Kh2 Be6 19. b3 Nh5 20. g4 Nf4 21. Ng1 h5 22. gxh5 Nxh5 23. Rg2 Rf2 24. Bg4 Rxg2+ 25. Kxg2 Nf6 26. Kg3 Nxg4 27. hxg4 Rf8 28. Nh3 Rf4 29. Nf2 Be7 30. Qe2 Qg5 31. Ba3 Qh4+ 32. Kg2 Bxa3 33. Rxa3 Bxg4 0-1

[Event "Titled Tuesday intern op 02nd Jul Late"]
[Site "Chess.com INT"]
[Date "2024.07.02"]
[Round "4"]
[White "Quiroz Alva, Franco Rodrigo"]
[Black "Chlpik, Martin"]
[Result "1-0"]
[WhiteElo "1917"]
[BlackElo "2289"]
[PlyCount "63"]
[EventDate "2024.07.02"]
[EventType "swiss (blitz)"]
[EventRounds "11"]
[EventCountry "USA"]
[SourceTitle "EXT 2025"]
[Source "ChessBase"]
[SourceDate "2024.10.14"]
[SourceVersion "1"]
[SourceVersionDate "2024.10.14"]
[SourceQuality "1"]

1. Nf3 a6 2. d4 Ra7 3. c4 b6 4. Nc3 c6 5. e4 d6 6. Bd3 e6 7. Qe2 Rb7 8. Bg5 Be7 9. h4 h6 10. Bf4 b5 11. h5 Nd7 12. Rd1 Qa5 13. a3 Ngf6 14. e5 bxc4 15. exf6 cxd3 16. fxg7 Rg8 17. Rxd3 Rxg7 18. Bxh6 Rxg2 19. Kf1 Rg8 20. Bf4 Qf5 21. Bg3 Nf6 22. h6 Rxb2 23. Qxb2 Qxd3+ 24. Kg2 Nd5 25. Nxd5 exd5 26. Qb8 Kd8 27. h7 Rh8 28. Bxd6 Qg6+ 29. Bg3 Rxh7 30. Qc7+ Ke8 31. Qxc8+ Bd8 32. Rxh7 1-0

[Event "Titled Tuesday intern op 02nd Jul Late"]
[Site "Chess.com INT"]
[Date "2024.07.02"]
[Round "6"]
[White "Stoettner, Lukas"]
[Black "Chlpik, Martin"]
[Result "0-1"]
[WhiteElo "2202"]
[BlackElo "2289"]
[PlyCount "56"]
[EventDate "2024.07.02"]
[EventType "swiss (blitz)"]
[EventRounds "11"]
[EventCountry "USA"]
[SourceTitle "EXT 2025"]
[Source "ChessBase"]
[SourceDate "2024.10.14"]
[SourceVersion "1"]
[SourceVersionDate "2024.10.14"]
[SourceQuality "1"]

1. e4 d6 2. Be2 Nd7 3. f4 c6 4. Nf3 b5 5. 0-0 a5 6. d4 e6 7. f5 e5 8. d5 cxd5 9. Qxd5 Rb8 10. Ng5 Nh6 11. Bh5 Nf6 12. Bxf7+ Ke7 13. Qd3 Nxf7 14. Nc3 Nxg5 15. Bxg5 Qb6+ 16. Kh1 Qd4 17. Nd5+ Kf7 18. Qf3 Qxe4 19. Qb3 Qxd5 20. Bxf6 Qxb3 21. axb3 gxf6 22. Rxa5 Be7 23. Rf3 Rd8 24. Rc3 Bxf5 25. Rc7 Rbc8 26. Rb7 Rxc2 27. h3 Be4 28. Rbxb5 Rxg2 0-1

[Event "Titled Tuesday intern op 04th Jun Early"]
[Site "Chess.com INT"]
[Date "2024.06.04"]
[Round "8"]
[White "Chlpik, Martin"]
[Black "Diachek, Andriy"]
[Result "0-1"]
[WhiteElo "2289"]
[BlackElo "2202"]
[PlyCount "60"]
[EventDate "2024.06.04"]
[EventType "swiss (blitz)"]
[EventRounds "11"]
[EventCountry "USA"]
[SourceTitle "EXT 2025"]
[Source "ChessBase"]
[SourceDate "2024.10.14"]
[SourceVersion "1"]
[SourceVersionDate "2024.10.14"]
[SourceQuality "1"]

1. d4 Nf6 2. c4 e6 3. Nc3 Bb4 4. Qc2 0-0 5. e3 b6 6. Bd3 Bb7 7. f3 c5 8. Nge2 cxd4 9. exd4 d5 10. 0-0 dxc4 11. Bxc4 Nc6 12. Be3 Rc8 13. Bd3 Ne7 14. Rad1 Ned5 15. Bg5 h6 16. Bd2 Bxc3 17. bxc3 Nb4 18. Qb1 Nxd3 19. Qxd3 Qd5 20. Bf4 a6 21. Be5 Nd7 22. Nf4 Qxa2 23. Bxg7 Kxg7 24. Nh5+ Kh8 25. Qe3 Qc2 26. Rd3 Kh7 27. Rc1 Qa2 28. Qf4 Qd5 29. Ng3 Qg5 30. Qd6 Qxc1+ 0-1

[Event "Titled Tuesday intern op 04th Jun Early"]
[Site "Chess.com INT"]
[Date "2024.06.04"]
[Round "2"]
[White "Chlpik, Martin"]
[Black "Mestnikov, Aisen"]
[Result "1-0"]
[WhiteElo "2289"]
[BlackElo "2077"]
[PlyCount "97"]
[EventDate "2024.06.04"]
[EventType "swiss (blitz)"]
[EventRounds "11"]
[EventCountry "USA"]
[SourceTitle "EXT 2025"]
[Source "ChessBase"]
[SourceDate "2024.10.14"]
[SourceVersion "1"]
[SourceVersionDate "2024.10.14"]
[SourceQuality "1"]

1. e4 d5 2. exd5 Qxd5 3. d4 Nc6 4. Be3 Nf6 5. Nc3 Qa5 6. Qd2 Bf5 7. 0-0-0 0-0-0 8. Kb1 Nb4 9. Rc1 e5 10. a3 Nc6 11. d5 Nxd5 12. Nxd5 Qxd2 13. Bxd2 Rxd5 14. Bc3 Bc5 15. Bc4 Rd7 16. Nf3 f6 17. Nh4 Bg4 18. f3 Bh5 19. Be6 Nd4 20. Bxd4 Bxd4 21. Nf5 Kd8 22. Bxd7 Kxd7 23. Rcd1 Kc8 24. Nxd4 exd4 25. Rxd4 Re8 26. Rdd1 Re2 27. Rhe1 Rxg2 28. Rg1 Rxg1 29. Rxg1 g5 30. Rg3 Kd7 31. Kc1 Ke6 32. Kd2 Bg6 33. c3 Ke5 34. Ke3 h6 35. Rg1 f5 36. Rd1 f4+ 37. Kf2 Bf5 38. Rd8 h5 39. Rh8 h4 40. Rg8 Kf6 41. Rb8 b6 42. Rb7 c5 43. Rxa7 Ke6 44. Ra6 Kd5 45. Rxb6 Kc4 46. a4 g4 47. fxg4 Bxg4 48. a5 Kd3 49. a6 1-0

[Event "Titled Tuesday intern op 04th Jun Early"]
[Site "Chess.com INT"]
[Date "2024.06.04"]
[Round "5"]
[White "Chlpik, Martin"]
[Black "Pham, Le Thao Nguyen"]
[Result "0-1"]
[WhiteElo "2289"]
[BlackElo "2395"]
[PlyCount "68"]
[EventDate "2024.06.04"]
[EventType "swiss (blitz)"]
[EventRounds "11"]
[EventCountry "USA"]
[SourceTitle "EXT 2025"]
[Source "ChessBase"]
[SourceDate "2024.10.14"]
[SourceVersion "1"]
[SourceVersionDate "2024.10.14"]
[SourceQuality "1"]

1. b3 d5 2. Bb2 Bf5 3. f4 e6 4. Nf3 Nf6 5. e3 Nbd7 6. d3 Bd6 7. Nbd2 Qe7 8. Ne5 Bxe5 9. fxe5 Ng4 10. Qf3 Qg5 11. e4 dxe4 12. Nxe4 Bxe4 13. Qxe4 0-0-0 14. h4 Qe3+ 15. Qxe3 Nxe3 16. Kd2 Ng4 17. d4 Ndxe5 18. Be2 h5 19. Raf1 f6 20. Kc1 Nc6 21. Bc4 Nxd4 22. Bxd4 Rxd4 23. Bxe6+ Kb8 24. Rd1 Rhd8 25. Rxd4 Rxd4 26. Re1 Ne5 27. Bf7 Nxf7 28. Re7 Nd8 29. Rxg7 a5 30. c3 Rxh4 31. Rg6 Rg4 32. Rxf6 Rxg2 33. Rf5 Rxa2 34. Rxh5 Nc6 0-1

[Event "Titled Tuesday intern op 14th May Early"]
[Site "Chess.com INT"]
[Date "2024.05.14"]
[Round "4"]
[White "Bielinski, Dariusz"]
[Black "Chlpik, Martin"]
[Result "1-0"]
[WhiteElo "2141"]
[BlackElo "2288"]
[PlyCount "53"]
[EventDate "2024.05.14"]
[EventType "swiss (blitz)"]
[EventRounds "11"]
[EventCountry "USA"]
[SourceTitle "EXT 2025"]
[Source "ChessBase"]
[SourceDate "2024.10.14"]
[SourceVersion "1"]
[SourceVersionDate "2024.10.14"]
[SourceQuality "1"]

1. d4 Nf6 2. c4 e6 3. Nf3 Bb4+ 4. Nbd2 c5 5. a3 Bxd2+ 6. Qxd2 0-0 7. dxc5 b6 8. cxb6 d5 9. e3 Qxb6 10. b4 Nc6 11. c5 Qc7 12. Bb2 Ne4 13. Qc2 a5 14. b5 Ne7 15. c6 Ng6 16. Bd3 f5 17. 0-0 e5 18. Rfd1 Be6 19. a4 Rae8 20. Ba3 Rf7 21. Rab1 Nd6 22. b6 Qe7 23. Bxd6 Qxd6 24. Ng5 e4 25. Nxf7 Bxf7 26. Bb5 f4 27. c7 1-0

[Event "Titled Tuesday intern op 02nd Apr Late"]
[Site "Chess.com INT"]
[Date "2024.04.02"]
[Round "4"]
[White "Chlpik, Martin"]
[Black "Mao, Fengxi"]
[Result "0-1"]
[WhiteElo "2288"]
[BlackElo "2132"]
[PlyCount "34"]
[EventDate "2024.04.02"]
[EventType "swiss (blitz)"]
[EventRounds "11"]
[EventCountry "USA"]
[SourceTitle "CBM 219 Extra"]
[Source "ChessBase"]
[SourceDate "2024.05.31"]
[SourceVersion "1"]
[SourceVersionDate "2024.05.31"]
[SourceQuality "1"]

1. e4 c5 2. Nf3 Nc6 3. d4 cxd4 4. Nxd4 g6 5. Nc3 Bg7 6. Be3 Nf6 7. h4 0-0 8. Be2 d5 9. Nxc6 bxc6 10. e5 Ne8 11. f4 f6 12. h5 fxe5 13. hxg6 exf4 14. Rxh7 fxe3 15. Nxd5 Qxd5 16. Bc4 Qxc4 17. Qh5 Rf1# 0-1

[Event "Titled Tuesday intern op 02nd Apr Late"]
[Site "Chess.com INT"]
[Date "2024.04.02"]
[Round "7"]
[White "Mesquita, Eduardo Barbosa"]
[Black "Chlpik, Martin"]
[Result "1-0"]
[WhiteElo "1969"]
[BlackElo "2288"]
[PlyCount "65"]
[EventDate "2024.04.02"]
[EventType "swiss (blitz)"]
[EventRounds "11"]
[EventCountry "USA"]
[SourceTitle "CBM 219 Extra"]
[Source "ChessBase"]
[SourceDate "2024.05.31"]
[SourceVersion "1"]
[SourceVersionDate "2024.05.31"]
[SourceQuality "1"]

1. Nf3 Nc6 2. d4 d5 3. c4 e5 4. c5 exd4 5. e3 Bxc5 6. exd4 Bb4+ 7. Nc3 Nf6 8. Bd3 0-0 9. 0-0 Bg4 10. a3 Ba5 11. Be3 Re8 12. h3 Bh5 13. Rc1 Bg6 14. Bb5 Ne4 15. Na4 Ng3 16. Bxc6 bxc6 17. Ne5 Nxf1 18. Qxf1 Bb6 19. Nxc6 Qh4 20. Nc3 Be4 21. f3 Bf5 22. Bf2 Qg5 23. h4 Qd2 24. Nxd5 Kh8 25. Nxb6 axb6 26. Ne5 Qxb2 27. Nxf7+ Kg8 28. Qc4 Be6 29. d5 Bxf7 30. Bd4 Qe2 31. Qxc7 Qd2 32. Rc4 Re1+ 33. Kh2 1-0

[Event "SVK-chT 2324"]
[Site "Slovakia"]
[Date "2024.02.24"]
[Round "7.1"]
[White "Babula, Vlastimil"]
[Black "Chlpik, Martin"]
[Result "1-0"]
[WhiteElo "2535"]
[BlackElo "2293"]
[PlyCount "71"]
[EventDate "2023.11.04"]
[EventType "team-tourn"]
[EventRounds "11"]
[EventCountry "SVK"]
[SourceTitle "CBM 220 Extra"]
[Source "ChessBase"]
[SourceDate "2024.07.31"]
[SourceVersion "1"]
[SourceVersionDate "2024.07.31"]
[SourceQuality "1"]
[WhiteTeam "Humenne Reinter"]
[BlackTeam "Levice"]
[WhiteTeamCountry "SVK"]
[BlackTeamCountry "SVK"]

1. d4 Nf6 2. c4 c5 3. d5 b5 4. cxb5 a6 5. bxa6 g6 6. Nc3 Bxa6 7. e4 Bxf1 8. Kxf1 d6 9. g3 Bg7 10. Kg2 0-0 11. Nf3 Qb6 12. Qe2 Qa6 13. Re1 Nfd7 14. Nb5 Qb7 15. a4 Nb6 16. a5 N6d7 17. Bd2 Na6 18. Bc3 Nb4 19. Bxb4 cxb4 20. Nbd4 Rfc8 21. Nc6 Rxc6 22. dxc6 Qxc6 23. Rec1 Nc5 24. Rc4 Qa6 25. e5 dxe5 26. Re1 Qxa5 27. Rec1 Qa6 28. Qe3 e4 29. Nd4 Bxd4 30. Rxd4 Nd3 31. Rc7 Qf6 32. Rxe4 Nxf2 33. Qxf2 Qd6 34. Rcxe7 Qd5 35. Qd4 Qc6 36. Qc4 1-0

[Event "Titled Tuesday intern op 06th Feb Late"]
[Site "Chess.com INT"]
[Date "2024.02.06"]
[Round "6"]
[White "Chlpik, Martin"]
[Black "Senft, Sean"]
[Result "1-0"]
[WhiteElo "2296"]
[BlackElo "2137"]
[PlyCount "65"]
[EventDate "2024.02.06"]
[EventType "swiss (blitz)"]
[EventRounds "11"]
[EventCountry "USA"]
[SourceTitle "CBM 218 Extra"]
[Source "ChessBase"]
[SourceDate "2024.03.31"]
[SourceVersion "1"]
[SourceVersionDate "2024.03.31"]
[SourceQuality "1"]

1. e4 c5 2. Nf3 d6 3. d4 cxd4 4. Nxd4 Nf6 5. Nc3 a6 6. Bc4 e6 7. Bb3 Nbd7 8. Be3 Nc5 9. g4 Be7 10. Qf3 Nfd7 11. Qg2 0-0 12. 0-0-0 Qc7 13. Kb1 b5 14. Rhg1 Bb7 15. f3 Nb6 16. g5 b4 17. Nce2 a5 18. Nb5 Qc6 19. Ned4 Qe8 20. Nc7 Qb8 21. Ncxe6 fxe6 22. Nxe6 Nxb3 23. cxb3 Nd7 24. Bd4 Ne5 25. Bxe5 dxe5 26. Rd7 Re8 27. g6 h6 28. Qh3 Bc8 29. Nxg7 Bxd7 30. Qxh6 Bf6 31. Nh5 Qb6 32. Qh7+ Kf8 33. Qf7# 1-0